Cabaret - Cabaret 1972 (lyrics) - Statistics

General Stats
  • This quiz has been taken 49 times
  • The average score is 225 of 258
Answer Stats
Answer % Correct
a
100%
cabaret
100%
cabaret!"
100%
cabaret!
100%
chum
100%
i
100%
in
100%
is
100%
life
100%
old
100%
come
97%
go
97%
the
97%
to
97%
hear
94%
music
94%
play
94%
sitting
94%
what
94%
"what
94%
your
94%
alone
91%
and
91%
chelsea
91%
elsie
91%
for
91%
room?
91%
this
91%
when
91%
call
88%
good
88%
like
88%
me
88%
me?
88%
she
88%
so
88%
as
85%
band
85%
by
85%
day
85%
ever
85%
going
85%
ha!
85%
her
85%
hour
85%
mind
85%
my
85%
that
85%
used
85%
was
85%
but
82%
flower
82%
have
82%
known
82%
love
82%
made
82%
say
82%
seen
82%
that's
82%
very
82%
wasn't
82%
with
82%
back
79%
blushing
79%
came
79%
corpse
79%
died
79%
fact
79%
from
79%
happiest
79%
i'm
79%
it
79%
it's
79%
matter
79%
much
79%
of
79%
rented
79%
start
79%
too
79%
admitting
76%
comes
76%
down
76%
girlfriend
76%
i'd
76%
laid
76%
long
76%
pills
76%
put
76%
queen
76%
saw
76%
shared
76%
think
76%
up
76%
"well
76%
whom
76%
you'd
76%
broom
74%
cradle
74%
four
74%
holiday
74%
how
74%
isn't
74%
knitting
74%
neighbors
74%
out
74%
remember
74%
rooms
74%
stay
74%
way
74%
book
71%
only
71%
snicker
71%
table's
71%
taste
71%
time
71%
waiting
71%
right
68%
tomb
68%
wine
68%
liquor"
65%
she'd
65%
turn
65%
sordid
62%
celebrating
59%
horn
59%
all
56%
away?
56%
doom
56%
some
56%
blow
53%
every
53%
prophet
53%
smile
50%
wipe
47%
permitting
41%
good's
38%
No matching quizzes found
Score Distribution
Percent of People with Each Score
Percentile by Number Answered
Your Score History
You have not taken this quiz